| 000 | 00974nam a2200301 i 4500 | ||
|---|---|---|---|
| 003 | EG-GICUC | ||
| 005 | 20260428181325.0 | ||
| 008 | 260428s1959 us ||||fr|||| 00| 0 eng d | ||
| 040 |
_aEG-GiCUC _beng _cEG-GiCUC _dEG-GiCUC _eRda |
||
| 041 | 0 | _aeng | |
| 082 | 0 | 4 |
_221 _a343.42 _bKL . H |
| 092 | 0 | 4 | _221 |
| 099 | _aLaw1 10 343.42 KL . H 1959 | ||
| 100 | 1 |
_a Kleps, Ralph _eAuthor. |
|
| 245 | 1 | 4 |
_aHealth and Safety Code / _cby State of California ; compiled by Ralph M. Kleps |
| 264 | 1 |
_aSacramento : _bPrinting Division, Document Section, _c1959. |
|
| 300 |
_a1167page ; _c 24 cm. |
||
| 336 |
_2rda contenu _a texte |
||
| 337 |
_2rda medias _aOrdinateur |
||
| 338 |
_2 transporteur rda _a Ressource en ligne |
||
| 504 | _aComprend des references bibliographiques. | ||
| 546 | _aText in English | ||
| 650 | 1 |
_aHealth laws _2qrmak |
|
| 651 | 1 | _2qrmak | |
| 856 | 4 | 0 | _uhttps://fll.law.cu.edu.eg/fulltext/bks/B10-11859.pdf |
| 905 | _a74 | ||
| 942 |
_2ddc _n0 _cBK _e21 |
||
| 999 |
_c73942 _d73942 |
||